| 000 -LEADER |
| fixed length control field |
01590cam a22003134a 4500 |
| 001 - CONTROL NUMBER |
| control field |
13458652 |
| 003 - CONTROL NUMBER IDENTIFIER |
| control field |
NUST |
| 005 - DATE AND TIME OF LATEST TRANSACTION |
| control field |
20171113134240.0 |
| 008 - FIXED-LENGTH DATA ELEMENTS--GENERAL INFORMATION |
| fixed length control field |
040115s2004 coua b 000 0 eng |
| 010 ## - LIBRARY OF CONGRESS CONTROL NUMBER |
| LC control number |
2004041062 |
| 020 ## - INTERNATIONAL STANDARD BOOK NUMBER |
| International Standard Book Number |
1583213074 |
| 040 ## - CATALOGING SOURCE |
| Original cataloging agency |
DLC |
| Transcribing agency |
DLC |
| Modifying agency |
DLC |
| 042 ## - AUTHENTICATION CODE |
| Authentication code |
pcc |
| 050 00 - LIBRARY OF CONGRESS CALL NUMBER |
| Classification number |
TD465 |
| Item number |
.A43 2004 |
| 082 00 - DEWEY DECIMAL CLASSIFICATION NUMBER |
| Classification number |
628.162 AWW |
| Edition number |
22 |
| 245 00 - TITLE STATEMENT |
| Title |
Algae detection and removal strategies for drinking water treatment plants / |
| Statement of responsibility, etc. |
prepared by Detlef R.U. Knappe ... [et al.] ; jointly sponsored by Awwa Research Foundation and the Water Resources Research Institute. |
| 260 ## - PUBLICATION, DISTRIBUTION, ETC. |
| Place of publication, distribution, etc. |
Denver, CO : |
| Name of publisher, distributor, etc. |
AWWA Research Foundation : |
| -- |
American Water Works Association, |
| Date of publication, distribution, etc. |
c2004. |
| 300 ## - PHYSICAL DESCRIPTION |
| Extent |
xlviii, 466 p. : |
| Other physical details |
ill. ; |
| Dimensions |
28 cm. |
| 500 ## - GENERAL NOTE |
| General note |
P.B |
| 504 ## - BIBLIOGRAPHY, ETC. NOTE |
| Bibliography, etc. note |
Includes bibliographical references. |
| 650 #0 - SUBJECT ADDED ENTRY--TOPICAL TERM |
| Topical term or geographic name entry element |
Algae |
| General subdivision |
Control. |
| 9 (RLIN) |
6327 |
| 650 #0 - SUBJECT ADDED ENTRY--TOPICAL TERM |
| Topical term or geographic name entry element |
Water |
| General subdivision |
Purification |
| -- |
Microbial removal. |
| 9 (RLIN) |
6328 |
| 700 1# - ADDED ENTRY--PERSONAL NAME |
| Personal name |
Knappe, Detlef R. U. |
| 9 (RLIN) |
6329 |
| 710 2# - ADDED ENTRY--CORPORATE NAME |
| Corporate name or jurisdiction name as entry element |
AWWA Research Foundation. |
| 9 (RLIN) |
5975 |
| 710 2# - ADDED ENTRY--CORPORATE NAME |
| Corporate name or jurisdiction name as entry element |
Water Resources Research Institute of the University of North Carolina. |
| 9 (RLIN) |
6330 |
| 856 42 - ELECTRONIC LOCATION AND ACCESS |
| Materials specified |
Publisher description |
| Uniform Resource Identifier |
<a href="http://www.loc.gov/catdir/enhancements/fy0629/2004041062-d.html">http://www.loc.gov/catdir/enhancements/fy0629/2004041062-d.html</a> |
| 856 41 - ELECTRONIC LOCATION AND ACCESS |
| Materials specified |
Table of contents only |
| Uniform Resource Identifier |
<a href="http://www.loc.gov/catdir/enhancements/fy0629/2004041062-t.html">http://www.loc.gov/catdir/enhancements/fy0629/2004041062-t.html</a> |
| 906 ## - LOCAL DATA ELEMENT F, LDF (RLIN) |
| a |
7 |
| b |
cbc |
| c |
orignew |
| d |
1 |
| e |
ocip |
| f |
20 |
| g |
y-gencatlg |
| 942 ## - ADDED ENTRY ELEMENTS (KOHA) |
| Source of classification or shelving scheme |
|
| Koha item type |
Book |
| Call number prefix |
IESE |